| 000 | 00424nam a22001817a 4500 | ||
|---|---|---|---|
| 003 | CEME | ||
| 005 | 20210628203338.0 | ||
| 008 | 210121b xxu||||| |||| 00| 0 eng d | ||
| 020 | _a0-7674-1181-1 | ||
| 040 | _cceme | ||
| 082 | _a170 LUP | ||
| 100 |
_aLuper, Steven _964870 |
||
| 245 | _aA guide to ethics | ||
| 260 |
_aNEW YORK _bMCGRAW HILL _c2002 |
||
| 300 | _aXI,204 P | ||
| 650 |
_aETHICS _94381 |
||
| 942 |
_cBK _2ddc |
||
| 999 |
_c573235 _d573235 |
||